Movies Quiz

Random Movies or Clickable Quiz
Score 0/16 Timer 05:00
0 Plays Today
% Correct
Automobiles that come alive
92.8%
Major character wears a Hawaiian shirt
92.2%
Prom nights gone bad
82.2%
Movies that are prequels
80.7%
Narrated by Morgan Freeman
80.7%
Movies with plane crashes
80.3%
Movies about books
80.3%
Movies with dentists
80%
% Correct
Stars Renée Zellweger
76.6%
Starred an actor who died in 2016
76.3%
Released in 2001
74.8%
Recent movies set in the 70s
72.2%
Movies about painters or artists
71.4%
Features female attorneys
71.2%
Characters in a coma
66.7%
Features a Trainspotting cast member
61.4%
Remove Ads.
Support Sporcle.
Get the best of Sporcle when you Go Orange. This ad-free experience offers more features, more stats, and more fun while also helping to support Sporcle. Thank you for becoming a member.

You're not logged in!

Compare scores with friends on all Sporcle quizzes.
OR
Log In

Show Comments

Extras

Top Quizzes Today


Score Distribution

Your Account Isn't Verified!

In order to create a playlist on Sporcle, you need to verify the email address you used during registration. Go to your Sporcle Settings to finish the process.

Report this User

Report this user for behavior that violates our Community Guidelines.

Details: